| 000 | 00757nam a2200241Ia 4500 | ||
|---|---|---|---|
| 003 | GCL | ||
| 005 | 20240530094803.0 | ||
| 008 | 140319s9999 xx 000 0 ara d | ||
| 020 | _a9771411730 | ||
| 040 |
_aGCL / _cGCL |
||
| 082 | 0 | 4 |
_a932 _bق/س ل |
| 100 | 1 | _aسيد كريم | |
| 245 | 1 | 0 |
_aلغز الهرم الاكبر / _cسيد كريم |
| 250 | _aط1 | ||
| 260 |
_aالقاهرة : _bنهضة مصر للطباعة والنشر والتوزيع ، _c2000 |
||
| 300 |
_a104 ص ؛ _c24 سم |
||
| 490 |
_aمن اسرار الحضارة الفرعونية _v1 |
||
| 650 | 0 | 4 | _aالحضارة الفرعونية |
| 650 | 0 | 4 | _aالاثار الفرعونية |
| 650 | 0 | 4 | _aالاهرام |
| 650 | 0 | 4 | _aمصر - الاثار |
| 942 |
_2ddc _cBK |
||
| 999 |
_c1065 _d1065 |
||